[Event "Mogliano Veneto op-A 43th"]
[Site "Mogliano Veneto"]
[Date "2023.04.23"]
[Round "1"]
[White "Rostolis, Riccardo"]
[Black "Pentelashoski, Ivanche"]
[Result "1/2-1/2"]
[WhiteElo "1989"]
[BlackElo "1646"]
[PlyCount "76"]
[EventDate "2023.04.23"]
[EventType "swiss"]
[EventRounds "5"]
[EventCountry "ITA"]
[SourceTitle "EXT 2024"]
[Source "ChessBase"]
[SourceDate "2023.10.10"]
[SourceVersion "1"]
[SourceVersionDate "2023.10.10"]
[SourceQuality "1"]

1. e4 c5 2. Nc3 Nc6 3. Nf3 d6 4. d4 cxd4 5. Nxd4 e5 6. Ndb5 Nf6 7. Bg5 a6 8. Na3 b5 9. Nd5 Be7 10. Bxf6 Bxf6 11. c3 Bg5 12. Nc2 0-0 13. a4 Rb8 14. axb5 axb5 15. Nce3 b4 16. Bd3 bxc3 17. bxc3 Bxe3 18. Nxe3 Qg5 19. 0-0 Ne7 20. Bc4 Ng6 21. Ra7 Nf4 22. Qf3 Be6 23. Bd5 h5 24. Kh1 Bxd5 25. Nxd5 Nxd5 26. exd5 Ra8 27. Rd7 Rad8 28. Rxd8 Rxd8 29. h3 g6 30. Rb1 Qe7 31. Qe3 Kg7 32. Ra1 Rd7 33. Ra8 Rb7 34. c4 Qc7 35. Qc3 Qc5 36. Ra2 Rc7 37. Rc2 Rb7 38. Kh2 Rc7 1/2-1/2

[Event "Mogliano Veneto op-B 38th"]
[Site "Mogliano Veneto"]
[Date "2017.04.30"]
[Round "2.1"]
[White "Cesaro, Giuliano"]
[Black "Rostolis, Riccardo"]
[Result "0-1"]
[WhiteElo "1852"]
[BlackElo "1971"]
[PlyCount "60"]
[EventDate "2017.04.29"]
[EventType "swiss"]
[EventRounds "5"]
[EventCountry "ITA"]
[SourceTitle "EXT 2023"]
[Source "ChessBase"]
[SourceDate "2022.10.05"]
[SourceVersion "1"]
[SourceVersionDate "2022.10.05"]
[SourceQuality "1"]

1. d4 Nf6 2. Nf3 g6 3. g3 Bg7 4. Bg2 0-0 5. c4 d6 6. Nc3 Nc6 7. 0-0 a6 8. a4 Rb8 9. e4 Bg4 10. Be3 Nd7 11. h3 Bxf3 12. Bxf3 e5 13. Ne2 Qf6 14. Bg4 exd4 15. Bxd7 dxe3 16. fxe3 Qe7 17. Bxc6 bxc6 18. Nd4 Qxe4 19. Qf3 Qxf3 20. Rxf3 Bxd4 21. exd4 Rxb2 22. c5 Rb4 23. d5 cxd5 24. cxd6 cxd6 25. Rf6 Rd8 26. a5 Rb5 27. Kf2 Kg7 28. Rf4 Rc8 29. h4 Rc2+ 30. Ke1 Rh2 0-1

[Event "Chioggia op-A 08th"]
[Site "Chioggia"]
[Date "2013.10.12"]
[Round "3"]
[White "Rostolis, Riccardo"]
[Black "Rebeggiani, Andrea"]
[Result "1-0"]
[WhiteElo "1879"]
[BlackElo "1980"]
[PlyCount "43"]
[EventDate "2013.10.10"]
[EventType "swiss"]
[EventRounds "5"]
[EventCountry "ITA"]
[SourceTitle "EXT 2024"]
[Source "ChessBase"]
[SourceDate "2023.10.10"]
[SourceVersion "1"]
[SourceVersionDate "2023.10.10"]
[SourceQuality "1"]

1. e4 e5 2. Nf3 Nc6 3. d4 exd4 4. Bc4 Nf6 5. e5 d5 6. Bb5 Ne4 7. Nxd4 Bd7 8. Bxc6 bxc6 9. 0-0 Bc5 10. f3 Ng5 11. f4 Ne4 12. Nc3 Nxc3 13. bxc3 0-0 14. Kh1 f6 15. Nb3 Be7 16. Be3 fxe5 17. fxe5 Bf5 18. Nd4 Qd7 19. Rxf5 Rxf5 20. e6 Qd6 21. Nxf5 Qxe6 22. Qg4 1-0

[Event "Chioggia op-A 07th"]
[Site "Chioggia"]
[Date "2012.10.12"]
[Round "1"]
[White "Rostolis, Riccardo"]
[Black "Gastiaburo, Hernan"]
[Result "0-1"]
[WhiteElo "1899"]
[BlackElo "2242"]
[PlyCount "34"]
[EventDate "2012.10.12"]
[EventType "swiss"]
[EventRounds "5"]
[EventCountry "ITA"]
[SourceTitle "EXT 2014"]
[Source "ChessBase"]
[SourceDate "2013.11.20"]
[SourceVersion "1"]
[SourceVersionDate "2013.11.20"]
[SourceQuality "1"]

1. e4 c5 2. Nf3 e6 3. d4 cxd4 4. Nxd4 Nf6 5. Nc3 d6 6. Bc4 Be7 7. Be3 0-0 8. Qe2 a6 9. 0-0-0 b5 10. Bb3 b4 11. Na4 Nxe4 12. Nxe6 Bxe6 13. Bb6 Qe8 14. Qxe4 Bxb3 15. Qxa8 Bxa4 16. Qf3 Nd7 17. Be3 Ne5 0-1

[Event "Treviso op-B 34th"]
[Site "Treviso"]
[Date "2010.12.05"]
[Round "4.3"]
[White "Rostolis, Riccardo"]
[Black "Scian, Nicola"]
[Result "1-0"]
[WhiteElo "1883"]
[BlackElo "1737"]
[PlyCount "107"]
[EventDate "2010.12.03"]
[EventType "swiss"]
[EventRounds "5"]
[EventCountry "ITA"]
[SourceTitle "EXT 2024"]
[Source "ChessBase"]
[SourceDate "2023.10.10"]
[SourceVersion "1"]
[SourceVersionDate "2023.10.10"]
[SourceQuality "1"]

1. e4 e5 2. Nf3 Nc6 3. d4 exd4 4. Bc4 Bc5 5. c3 Nf6 6. e5 d5 7. Bb3 Ne4 8. cxd4 Bb4+ 9. Bd2 Nxd2 10. Nbxd2 Bf5 11. 0-0 0-0 12. a3 Ba5 13. Re1 Bg4 14. h3 Bxf3 15. Nxf3 Bxe1 16. Qxe1 Re8 17. Qd1 Ne7 18. Nh4 Qd7 19. Qh5 Qe6 20. Re1 Qh6 21. Qg4 Qd2 22. Re2 Qc1+ 23. Kh2 Rad8 24. Rc2 Qh6 25. Rxc7 Qe6 26. Qxe6 fxe6 27. Ba4 Nc6 28. Rxb7 Rc8 29. Kg3 Rf8 30. Nf3 Na5 31. Rxa7 Ra8 32. Re7 Nc4 33. Bc6 Ra6 34. Rxe6 Nxb2 35. Bxd5 Ra5 36. Rd6+ Kh8 37. e6 Ra7 38. Rd7 Rxd7 39. exd7 Na4 40. Ne5 Nb6 41. Be6 Nxd7 42. Bxd7 g6 43. d5 Kg7 44. Be6 Rd8 45. Kf3 Kf6 46. Ng4+ Ke7 47. Ke4 Ra8 48. Ke5 Rxa3 49. d6+ Kd8 50. Nh6 Ra5+ 51. Kf6 Ra8 52. Nf7+ Ke8 53. d7+ Kf8 54. d8Q+ 1-0

[Event "Treviso op-B 34th"]
[Site "Treviso"]
[Date "2010.12.04"]
[Round "2.4"]
[White "Rostolis, Riccardo"]
[Black "Saponara, Nicola"]
[Result "1-0"]
[WhiteElo "1883"]
[BlackElo "1802"]
[PlyCount "63"]
[EventDate "2010.12.03"]
[EventType "swiss"]
[EventRounds "5"]
[EventCountry "ITA"]
[SourceTitle "EXT 2024"]
[Source "ChessBase"]
[SourceDate "2023.10.10"]
[SourceVersion "1"]
[SourceVersionDate "2023.10.10"]
[SourceQuality "1"]

1. e4 c5 2. Nf3 d6 3. d4 cxd4 4. Nxd4 Nf6 5. Nc3 g6 6. Be3 Bg7 7. f3 0-0 8. Bc4 Nc6 9. Qd2 Bd7 10. 0-0-0 Rc8 11. Bb3 Ne5 12. g4 b5 13. Bh6 a5 14. Bxg7 Kxg7 15. g5 Nh5 16. f4 Nc4 17. Bxc4 Rxc4 18. f5 b4 19. Nd5 Re8 20. Qd3 Rc5 21. h4 Qb8 22. Nb3 Rb5 23. Qd4+ f6 24. gxf6+ exf6 25. Rhg1 a4 26. Nd2 Rc5 27. Rg5 Kf7 28. Rxh5 Rxd5 29. Qxd5+ Kg7 30. Rxh7+ Kxh7 31. Qf7+ Kh8 32. fxg6 1-0

[Event "Chioggia op-B 05th"]
[Site "Chioggia"]
[Date "2010.10.09"]
[Round "2"]
[White "Rostolis, Riccardo"]
[Black "Cruccu, Alberto"]
[Result "1/2-1/2"]
[WhiteElo "1875"]
[BlackElo "1524"]
[PlyCount "104"]
[EventDate "2010.10.08"]
[EventType "swiss"]
[EventRounds "5"]
[EventCountry "ITA"]
[SourceTitle "EXT 2022"]
[Source "ChessBase"]
[SourceDate "2021.10.06"]
[SourceVersion "1"]
[SourceVersionDate "2021.10.06"]
[SourceQuality "1"]

1. e4 e5 2. Nf3 Nc6 3. d4 exd4 4. Bc4 Nf6 5. 0-0 Be7 6. Nxd4 Ne5 7. Bb3 d6 8. Nc3 0-0 9. Bg5 h6 10. Bh4 Bg4 11. Nde2 Qd7 12. f3 Be6 13. Qe1 c6 14. Rd1 Nc4 15. Bxc4 Bxc4 16. e5 Nd5 17. Bxe7 Qxe7 18. exd6 Qxd6 19. Nxd5 Bxd5 20. Nc3 Qc5+ 21. Kh1 Rfe8 22. Qg3 Re3 23. Qc7 Re7 24. Rxd5 Qe3 25. Rd7 Qf2 26. Rg1 Re1 27. Ne2 Qxe2 28. Qg3 Rxg1+ 29. Kxg1 Qe3+ 30. Kf1 Qc1+ 31. Qe1 Qxe1+ 32. Kxe1 b6 33. Kd2 c5 34. Kd3 g6 35. g4 Kg7 36. Kc4 a6 37. Rb7 b5+ 38. Kc3 Kf6 39. f4 Ke6 40. Kd3 Rd8+ 41. Ke3 f6 42. Rh7 f5 43. Rxh6 fxg4 44. Rxg6+ Kf5 45. Rxa6 Rh8 46. Rb6 Rxh2 47. Rxb5 Rxc2 48. Kd3 Rc1 49. Ke3 Re1+ 50. Kf2 Re4 51. Rxc5+ Kxf4 52. Rc3 Rd4 1/2-1/2

[Event "Chioggia op-B 05th"]
[Site "Chioggia"]
[Date "2010.10.08"]
[Round "1"]
[White "Filippi, Simone"]
[Black "Rostolis, Riccardo"]
[Result "1/2-1/2"]
[WhiteElo "1717"]
[BlackElo "1875"]
[PlyCount "24"]
[EventDate "2010.10.08"]
[EventType "swiss"]
[EventRounds "5"]
[EventCountry "ITA"]
[SourceTitle "EXT 2022"]
[Source "ChessBase"]
[SourceDate "2021.10.06"]
[SourceVersion "1"]
[SourceVersionDate "2021.10.06"]
[SourceQuality "1"]

1. e4 d5 2. exd5 Nf6 3. Nf3 Nxd5 4. d4 Bf5 5. Bc4 e6 6. a3 Bd6 7. Bxd5 exd5 8. 0-0 0-0 9. Nc3 c6 10. Ne2 Qc7 11. Ng3 Be4 12. Ng5 Bg6 1/2-1/2

[Event "Bergamo op 4th"]
[Site "Bergamo"]
[Date "2005.07.31"]
[Round "6"]
[White "Bettini, Massimo"]
[Black "Rostolis, Riccardo"]
[Result "1-0"]
[WhiteElo "1911"]
[BlackElo "1966"]
[PlyCount "49"]
[EventDate "2005.07.29"]
[EventType "swiss"]
[EventRounds "6"]
[EventCountry "ITA"]
[SourceTitle "EXT 2007"]
[Source "ChessBase"]
[SourceDate "2006.11.23"]
[SourceVersion "1"]
[SourceVersionDate "2006.11.23"]
[SourceQuality "1"]

1. e4 d5 2. exd5 Nf6 3. d4 Nxd5 4. c4 Nf6 5. Nc3 Nc6 6. Nf3 Bg4 7. d5 Ne5 8. Be2 Nxf3+ 9. Bxf3 Bxf3 10. Qxf3 Qd7 11. 0-0 0-0-0 12. Be3 Kb8 13. Bxa7+ Kxa7 14. Nb5+ Kb8 15. Qe3 Qg4 16. Qc5 Ne8 17. Qa7+ Kc8 18. Qa8+ Kd7 19. Qxb7 Qg6 20. c5 Rc8 21. Na7 Rd8 22. c6+ Kd6 23. Qb4+ Ke5 24. Rae1+ Kf6 25. Qd4+ 1-0

[Event "Treviso WE op 28th"]
[Site "Treviso"]
[Date "2004.12.08"]
[Round "5.19"]
[White "Rostolis, Riccardo"]
[Black "Conz, Flavio"]
[Result "1-0"]
[WhiteElo "1748"]
[BlackElo "1649"]
[PlyCount "47"]
[EventDate "2004.12.04"]
[EventType "swiss"]
[EventCountry "ITA"]
[SourceTitle "EXT 2024"]
[Source "ChessBase"]
[SourceDate "2023.10.10"]
[SourceVersion "1"]
[SourceVersionDate "2023.10.10"]
[SourceQuality "1"]

1. e4 d6 2. d4 Nf6 3. Bc4 Nbd7 4. Nc3 e5 5. Nf3 c6 6. Ng5 d5 7. exd5 Nb6 8. Bb3 Nbxd5 9. dxe5 Qe7 10. 0-0 Ng4 11. Bxd5 cxd5 12. Nxd5 Qd8 13. Bf4 h6 14. Nf3 Be6 15. Nc3 Qa5 16. h3 h5 17. hxg4 hxg4 18. Ng5 Rd8 19. Qe2 Qb6 20. Qb5+ Qxb5 21. Nxb5 Bc5 22. Nc7+ Ke7 23. Ngxe6 fxe6 24. Bg5+ 1-0

[Event "Vicenza op 8th"]
[Site "Vicenza"]
[Date "2004.10.10"]
[Round "6"]
[White "Drezzadore, Dario"]
[Black "Rostolis, Riccardo"]
[Result "1-0"]
[WhiteElo "1841"]
[BlackElo "1748"]
[PlyCount "81"]
[EventDate "2004.10.02"]
[EventType "swiss"]
[EventRounds "6"]
[EventCountry "ITA"]
[SourceTitle "EXT 2009"]
[Source "ChessBase"]
[SourceDate "2008.11.26"]
[SourceVersion "1"]
[SourceVersionDate "2008.11.26"]
[SourceQuality "1"]

1. e4 d5 2. exd5 Nf6 3. Nc3 Nxd5 4. Bc4 Nb6 5. Bb3 Nc6 6. h3 Bf5 7. d3 e6 8. Bf4 Bd6 9. Qd2 Nd4 10. Nge2 Nxb3 11. axb3 Bxf4 12. Qxf4 0-0 13. 0-0 Bg6 14. Rfe1 Nd7 15. Nb5 e5 16. Qc4 a6 17. Nbc3 Kh8 18. Ng3 f5 19. Qb4 b5 20. Nd5 c5 21. Qd2 Nf6 22. Nxf6 Qxf6 23. Qc3 f4 24. Ne4 Bxe4 25. Rxe4 Rae8 26. Rae1 f3 27. g3 Qf5 28. Kh2 b4 29. Qc4 Rf6 30. R1e3 Rh6 31. Rh4 Rxh4 32. Qxh4 g5 33. Qc4 h5 34. Qd5 g4 35. h4 Qf6 36. Qxc5 Re6 37. Qxb4 e4 38. d4 Rb6 39. Qc5 Rc6 40. Qxh5+ Kg7 41. Qxg4+ 1-0

[Event "Vicenza op 8th"]
[Site "Vicenza"]
[Date "2004.10.09"]
[Round "4"]
[White "Rostolis, Riccardo"]
[Black "Ventura, Boris"]
[Result "0-1"]
[WhiteElo "1748"]
[BlackElo "2179"]
[PlyCount "38"]
[EventDate "2004.10.02"]
[EventType "swiss"]
[EventRounds "6"]
[EventCountry "ITA"]
[SourceTitle "EXT 2009"]
[Source "ChessBase"]
[SourceDate "2008.11.26"]
[SourceVersion "1"]
[SourceVersionDate "2008.11.26"]
[SourceQuality "1"]

1. e4 c5 2. Nf3 e6 3. d4 cxd4 4. Nxd4 Bc5 5. Nc3 Qb6 6. Na4 Qa5+ 7. c3 Bxd4 8. Qxd4 Nf6 9. f3 Nc6 10. Qd1 0-0 11. Be3 d5 12. Bd3 dxe4 13. fxe4 Rd8 14. Qc2 Rxd3 15. Qxd3 Qxa4 16. Bd4 Nxd4 17. cxd4 Qb4+ 18. Kf1 Bd7 19. Rc1 Bb5 0-1

[Event "Vicenza op 8th"]
[Site "Vicenza"]
[Date "2004.10.03"]
[Round "3"]
[White "Rostolis, Riccardo"]
[Black "Petruk, Mykola"]
[Result "0-1"]
[WhiteElo "1748"]
[BlackElo "2000"]
[PlyCount "48"]
[EventDate "2004.10.02"]
[EventType "swiss"]
[EventRounds "6"]
[EventCountry "ITA"]
[SourceTitle "EXT 2009"]
[Source "ChessBase"]
[SourceDate "2008.11.26"]
[SourceVersion "1"]
[SourceVersionDate "2008.11.26"]
[SourceQuality "1"]

1. e4 e6 2. d4 d5 3. e5 c5 4. c3 Nc6 5. Nf3 cxd4 6. cxd4 f5 7. Nc3 Bb4 8. Bd3 a6 9. Bg5 Be7 10. h4 Bd7 11. Bxe7 Ngxe7 12. Ng5 h6 13. Nh3 Qb6 14. Nf4 0-0-0 15. Rc1 Qxd4 16. Nfe2 Qxe5 17. Qa4 d4 18. Nb1 Kb8 19. Nd2 Qa5 20. Qb3 e5 21. Ng3 e4 22. Bb1 Ne5 23. Ngf1 Rc8 24. Rd1 Ba4 0-1

[Event "ITA-ch U20"]
[Site "Porto San Giorgio"]
[Date "2004.08.28"]
[Round "9"]
[White "Rostolis, Riccardo"]
[Black "Bonafede, Alessandro"]
[Result "0-1"]
[WhiteElo "1709"]
[BlackElo "2107"]
[PlyCount "68"]
[EventDate "2004.08.20"]
[EventType "swiss"]
[EventRounds "9"]
[EventCountry "ITA"]
[SourceTitle "EXT 2005"]
[Source "ChessBase"]
[SourceDate "2004.11.15"]
[SourceVersion "1"]
[SourceVersionDate "2004.11.15"]
[SourceQuality "1"]

1. e4 c5 2. Nf3 Nc6 3. d4 cxd4 4. Nxd4 Nf6 5. Nc3 e5 6. Ndb5 d6 7. Bg5 a6 8. Na3 b5 9. Bxf6 gxf6 10. Nd5 Bg7 11. Be2 f5 12. Bf3 0-0 13. c3 Kh8 14. 0-0 fxe4 15. Bxe4 f5 16. Bf3 Bb7 17. Nc2 Rc8 18. a4 bxa4 19. Rxa4 a5 20. Na3 e4 21. Be2 Ne5 22. Nf4 Qe7 23. Nc4 Nxc4 24. Bxc4 Qe5 25. Ne6 Rxc4 26. Nxf8 Rxa4 27. Qxa4 Bxf8 28. Qd7 Bd5 29. Qd8 Kg7 30. Qxa5 f4 31. Rd1 Bc4 32. Qc7+ Bf7 33. Qa7 Kg6 34. Qb8 Be7 0-1

[Event "ITA-ch U20"]
[Site "Porto San Giorgio"]
[Date "2004.08.25"]
[Round "6"]
[White "D'Apa, Matteo"]
[Black "Rostolis, Riccardo"]
[Result "0-1"]
[WhiteElo "1939"]
[BlackElo "1709"]
[PlyCount "48"]
[EventDate "2004.08.20"]
[EventType "swiss"]
[EventRounds "9"]
[EventCountry "ITA"]
[SourceTitle "EXT 2005"]
[Source "ChessBase"]
[SourceDate "2004.11.15"]
[SourceVersion "1"]
[SourceVersionDate "2004.11.15"]
[SourceQuality "1"]

1. d4 Nf6 2. c4 g6 3. Nc3 Bg7 4. e4 d6 5. f3 0-0 6. Be3 e5 7. d5 Ne8 8. Bd3 f5 9. Nge2 Nd7 10. 0-0 f4 11. Bf2 Nef6 12. b4 g5 13. Nc1 Rf7 14. c5 Nf8 15. Be2 Ng6 16. cxd6 cxd6 17. a4 h5 18. a5 g4 19. b5 Bf8 20. b6 a6 21. Nb3 Rg7 22. Qd3 g3 23. Be1 Nh7 24. Bd1 Qh4 0-1

[Event "ITA-ch U20"]
[Site "Porto San Giorgio"]
[Date "2004.08.20"]
[Round "1"]
[White "Xia, Jie"]
[Black "Rostolis, Riccardo"]
[Result "0-1"]
[WhiteElo "2126"]
[BlackElo "1709"]
[PlyCount "90"]
[EventDate "2004.08.20"]
[EventType "swiss"]
[EventRounds "9"]
[EventCountry "ITA"]
[SourceTitle "EXT 2005"]
[Source "ChessBase"]
[SourceDate "2004.11.15"]
[SourceVersion "1"]
[SourceVersionDate "2004.11.15"]
[SourceQuality "1"]

1. d4 Nf6 2. Nf3 g6 3. g3 Bg7 4. Bg2 0-0 5. 0-0 d6 6. c4 Nbd7 7. Nc3 e5 8. dxe5 dxe5 9. Qc2 Ne8 10. Rb1 f5 11. Ng5 Ndf6 12. Rd1 Qe7 13. Nd5 Nxd5 14. Bxd5+ Kh8 15. Qb3 c6 16. Nf7+ Rxf7 17. Bxf7 Qxf7 18. Rd8 Bf6 19. Rd1 Be6 20. Qa4 Bxc4 21. b3 Bxe2 22. Rd2 Bb5 23. Qb4 Nc7 24. a4 Ba6 25. Bb2 Nd5 26. Qc5 e4 27. Bxf6+ Qxf6 28. b4 Bd3 29. Rc1 Qf8 30. Qd4+ Qg7 31. Qc5 Kg8 32. b5 Qd7 33. bxc6 bxc6 34. Rb2 Rc8 35. a5 a6 36. Qd4 Qc7 37. Qc5 Qe7 38. Qd4 Qg5 39. Qxd5+ cxd5 40. Rxc8+ Kf7 41. Rb7+ Kf6 42. Rxh7 Qd2 43. Kg2 Qd1 44. Rf8+ Ke5 45. f4+ Kd4 0-1